000 00797pam a2200265 a 4500
999 _c2552
_d2552
001 016228890
003 UkOxU
005 20230713144826.0
008 040105r20031997enka j 000 1 eng d
015 _aGB A3-Z5023
020 _a9780749649142
035 _aBNB2774.1314
040 _cBDS
_dKH8
082 0 _a823.914 GOW
_222
100 1 _aGowar, Mick,
_d1951-
_eAuthor
245 1 0 _aUp the tree! /
_cMick Gowar & Lesley Harker.
260 _aLondon :
_bFranklin Watts,
_c2003.
300 _a21 p. :
_bchiefly col. ill. ;
_c21 cm.
500 _aOriginally published: 1997.
650 0 _aTrees
_vPictorial works
_vJuvenile fiction.
650 0 _aUp (The English word)
_vPictorial works
_vJuvenile fiction.
700 1 _aHarker, Lesley.
_eAuthor
830 0 _aMe and my world
942 _2ddc
_cBK